[Event "XXXIII Memorial Edoardo Crespi A"]
[Site "Milano ITA"]
[Date "2012.12.08"]
[Round "4"]
[White "Messina, Roberta"]
[Black "Beltrami, Francesco"]
[WhiteElo "1993"]
[BlackElo "1856"]
[Result "1-0"]
[PlyCount "55"]
[EventDate "2012.12.05"]

1. c4 Nf6 2. g3 g6 3. b3 Bg7 4. Bb2 O-O 5. Bg2 d6 6. Nf3 Nbd7 7. O-O Rb8 8. d3
a6 9. Nc3 b5 10. Nd4 Bb7 11. cxb5 axb5 12. Bxb7 Rxb7 13. Ndxb5 Nd5 14. Qd2 c6
15. Nxd5 Bxb2 16. Qxb2 cxb5 17. Rfc1 e6 18. Nb4 Qf6 19. Qxf6 Nxf6 20. Rc6 d5
21. Rac1 Nd7 22. Rc7 Rfb8 23. Na6 Rxc7 24. Rxc7 Rb6 25. Nb4 Nb8 26. Kg2 Kf8 27.
Rc8+ Ke7 28. Rxb8 1-0

[Event "XXXIII Memorial Edoardo Crespi A"]
[Site "Milano ITA"]
[Date "2012.12.08"]
[Round "4"]
[White "Monticone, Sonia"]
[Black "Reale, Simone"]
[WhiteElo "1854"]
[BlackElo "1880"]
[Result "0-1"]
[PlyCount "78"]
[EventDate "2012.12.05"]

1. e4 c5 2. Nf3 d6 3. d4 cxd4 4. Nxd4 Nf6 5. Nc3 a6 6. Be3 Ng4 7. Bc1 Nf6 8.
Be3 e5 9. Nb3 Be7 10. f4 Ng4 11. Bd2 Nc6 12. Qf3 a5 13. a4 O-O 14. h3 Nf6 15.
O-O-O Be6 16. Be3 Qb8 17. g4 exf4 18. Bxf4 Nd7 19. Qg3 Nde5 20. Be2 Rc8 21. Kb1
Nb4 22. g5 Qc7 23. Nd4 Nc4 24. g6 Bf6 25. gxh7+ Kxh7 26. Ndb5 Qc5 27. Bxd6 Nxd6
28. Qxd6 Qe3 29. Qd2 Qc5 30. Bg4 Rd8 31. Qe2 Bc4 32. Qf3 Bxb5 33. axb5 a4 34.
Qg2 Bxc3 35. bxc3 Qxc3 36. Bf5+ Kh8 37. Rd3 Nxd3 38. cxd3 a3 39. Ka2 Rxd3 0-1

[Event "XXXIII Memorial Edoardo Crespi A"]
[Site "Milano ITA"]
[Date "2012.12.08"]
[Round "4"]
[White "Mouflih, Caesar Faycal"]
[Black "D'Orta, Antonio"]
[WhiteElo "1982"]
[BlackElo "1934"]
[Result "1-0"]
[PlyCount "183"]
[EventDate "2012.12.05"]

1. e4 e5 2. Nf3 Nc6 3. Bb5 a6 4. Ba4 Nf6 5. O-O b5 6. Bb3 Be7 7. Re1 O-O 8. c3
d5 9. exd5 Nxd5 10. Nxe5 Nxe5 11. Rxe5 c6 12. d4 Bd6 13. Re1 Qh4 14. g3 Qh3 15.
Qd3 Bg4 16. Be3 Rae8 17. Qf1 Qh5 18. Nd2 Re6 19. Bxd5 cxd5 20. f3 Bh3 21. Qf2
f5 22. Bf4 Rxe1+ 23. Rxe1 Bxf4 24. gxf4 Rf6 25. Kh1 Rg6 26. Rg1 Re6 27. Nb3 Re7
28. Nc5 Kf8 29. Nd3 Qh6 30. Re1 Rxe1+ 31. Qxe1 Qh5 32. Ne5 Kg8 33. Kg1 h6 34.
Qg3 g5 35. Nd3 g4 36. Nf2 Kf8 37. Nxh3 gxh3 38. Kf1 a5 39. b3 b4 40. cxb4 axb4
41. Ke2 Qe8+ 42. Kd2 Qa8 43. Qxh3 Qxa2+ 44. Ke1 Qa1+ 45. Ke2 Qb2+ 46. Kf1 Qc1+
47. Kg2 Qxf4 48. Qg3 Qxd4 49. Qd6+ Kf7 50. Qd7+ Kg6 51. Qe8+ Kg5 52. Qe7+ Kg6
53. Qe8+ Kh7 54. Kh3 Kg7 55. Qe7+ Kg6 56. Qd6+ Kh5 57. Qe6 Qd3 58. Kg3 f4+ 59.
Kxf4 Qd2+ 60. Kg3 Qg5+ 61. Qg4+ Kg6 62. h4 Qxg4+ 63. fxg4 h5 64. g5 Kf5 65. Kf3
Ke5 66. Ke3 d4+ 67. Kd3 Kd5 68. Kc2 Ke5 69. Kd2 Kf5 70. Kd3 Ke5 71. Ke2 Ke6 72.
Kd1 Kd6 73. Kc1 Ke5 74. Kc2 Kd6 75. Kd3 Kd5 76. g6 Ke6 77. Kxd4 Kf6 78. Kc4
Kxg6 79. Kxb4 Kf5 80. Kc4 Kg4 81. b4 Kxh4 82. b5 Kg3 83. b6 h4 84. b7 h3 85.
b8=Q+ Kg2 86. Qb2+ Kg1 87. Qc1+ Kg2 88. Qd2+ Kg1 89. Qe1+ Kg2 90. Qe2+ Kg1 91.
Qg4+ Kh2 92. Kd4 1-0

[Event "XXXIII Memorial Edoardo Crespi A"]
[Site "Milano ITA"]
[Date "2012.12.08"]
[Round "4"]
[White "Nepi, Ezio"]
[Black "Baltzopoulos, Giorgos"]
[WhiteElo "1945"]
[BlackElo "1956"]
[Result "1-0"]
[PlyCount "63"]
[EventDate "2012.12.05"]

1. d4 Nf6 2. c4 g6 3. Nc3 d5 4. e3 Bg7 5. cxd5 Nxd5 6. Nxd5 Qxd5 7. Ne2 O-O 8.
Nc3 Qd8 9. Be2 c5 10. d5 b6 11. O-O Ba6 12. Bxa6 Nxa6 13. e4 Qc8 14. Bf4 Nc7
15. Qe2 e5 16. Be3 Qd7 17. Rfd1 f5 18. f3 Kh8 19. a4 a5 20. Ra3 f4 21. Bf2 Rf6
22. Bh4 Rd6 23. Rb3 Rg8 24. Nb5 Nxb5 25. Qxb5 Qc8 26. Be7 Rgd8 27. Bxd8 Qxd8
28. Qa6 Bf6 29. Qa7 Qe7 30. Qb8+ Qd8 31. Qb7 Qe7 32. Rxb6 1-0

[Event "XXXIII Memorial Edoardo Crespi A"]
[Site "Milano ITA"]
[Date "2012.12.08"]
[Round "4"]
[White "Paganini, Andrea"]
[Black "Mondal, Prince"]
[WhiteElo "1882"]
[BlackElo "1930"]
[Result "1-0"]
[PlyCount "51"]
[EventDate "2012.12.05"]

1. e4 c5 2. d4 cxd4 3. c3 dxc3 4. Nxc3 g6 5. Nf3 Bg7 6. Bc4 d6 7. e5 Qc7 8. Qb3
Be6 9. Bxe6 fxe6 10. Nb5 Qd7 11. Ng5 d5 12. Bf4 Nc6 13. Rc1 h6 14. Nf3 g5 15.
Be3 g4 16. Nh4 Bxe5 17. Ng6 Bf6 18. Nxh8 Bxh8 19. Bxa7 Nf6 20. Bb6 Rc8 21. O-O
Ne5 22. Rxc8+ Qxc8 23. Be3 Bg7 24. Rc1 Qd7 25. Rd1 h5 26. Nc3 1-0

[Event "XXXIII Memorial Edoardo Crespi A"]
[Site "Milano ITA"]
[Date "2012.12.08"]
[Round "4"]
[White "Pecorario, Stefano"]
[Black "Pepe, Mario"]
[WhiteElo "1774"]
[BlackElo "1993"]
[Result "0-1"]
[PlyCount "40"]
[EventDate "2012.12.05"]

1. e4 Nf6 2. e5 Nd5 3. c4 Nb6 4. d4 d6 5. exd6 cxd6 6. b3 g6 7. Nf3 Bg7 8. Bb2
O-O 9. Be2 d5 10. c5 N6d7 11. O-O Nxc5 12. Nc3 Ne6 13. Rc1 Nc6 14. Na4 a6 15.
Ne5 Nexd4 16. Bxd4 Bxe5 17. Bb6 Qd6 18. Bc5 Bxh2+ 19. Kh1 Qf4 20. Qxd5 Qh4 0-1

[Event "XXXIII Memorial Edoardo Crespi A"]
[Site "Milano ITA"]
[Date "2012.12.08"]
[Round "4"]
[White "Penna, Tommaso"]
[Black "Cerioni, Armando"]
[WhiteElo "1893"]
[BlackElo "1979"]
[Result "0-1"]
[PlyCount "88"]
[EventDate "2012.12.05"]

1. d4 Nf6 2. c4 e6 3. Nc3 Bb4 4. Qc2 c5 5. dxc5 Bxc5 6. Nf3 Qb6 7. e3 Qc7 8.
Be2 b6 9. O-O a6 10. a3 Be7 11. b3 Bb7 12. Bb2 d6 13. Rac1 Nbd7 14. Rfd1 O-O
15. b4 Rac8 16. Qb1 Qb8 17. Nd2 d5 18. Qa1 dxc4 19. Nxc4 b5 20. Na5 Ba8 21. a4
Bd6 22. g3 Bxb4 23. axb5 Ne5 24. Nd5 Rxc1 25. Rxc1 Bxa5 26. Bxe5 Qb7 27. f3
Qxd5 28. Bxf6 Bd2 29. Bxg7 Bxe3+ 30. Kf1 Bxc1 31. Bxf8 Kxf8 32. Qxc1 axb5 33.
Qa3+ Kg8 34. Kf2 Bc6 35. h4 Qd4+ 36. Qe3 Qxe3+ 37. Kxe3 e5 38. Bd3 Kg7 39. f4
e4 40. Bxe4 Bxe4 41. Kxe4 h5 42. Kd4 Kf6 43. Kc5 Kf5 44. Kxb5 Kg4 0-1

[Event "XXXIII Memorial Edoardo Crespi A"]
[Site "Milano ITA"]
[Date "2012.12.08"]
[Round "4"]
[White "Piantoni, Pierino"]
[Black "Regorda, Vittorio"]
[WhiteElo "1899"]
[BlackElo "1801"]
[Result "1/2-1/2"]
[PlyCount "114"]
[EventDate "2012.12.05"]

1. c4 Nf6 2. g3 c6 3. Bg2 d5 4. b3 g6 5. Nf3 Bg7 6. Bb2 O-O 7. O-O a6 8. d3
Nbd7 9. Nbd2 Re8 10. Ne5 Nb6 11. Rb1 Bf5 12. Ndf3 Nfd7 13. Nxd7 Qxd7 14. Bxg7
Kxg7 15. c5 Nc8 16. Re1 d4 17. Ne5 Qc7 18. Nc4 e5 19. e4 Be6 20. Qc2 Bxc4 21.
Qxc4 Na7 22. a4 Qd7 23. Rb2 Nc8 24. f4 f6 25. Rf2 Re7 26. fxe5 fxe5 27. Ref1 b5
28. cxb6 Nxb6 29. Qc5 Qc7 30. Rf6 Qd8 31. Qxc6 Nd7 32. Rd6 Qe8 33. Bh3 Ra7 34.
Be6 Nb8 35. Qd5 Nd7 36. b4 Kh6 37. Rf5 Nf8 38. Rxe5 Rxe6 39. Rdxe6 Nxe6 40.
Rxe6 Qxa4 41. Qxd4 Qd1+ 42. Kg2 Qe2+ 43. Qf2 Qg4 44. Qf4+ Qxf4 45. gxf4 Rd7 46.
Rxa6 Rxd3 47. Rb6 Kh5 48. f5 Re3 49. fxg6 hxg6 50. Rb5+ Kg4 51. e5 Re2+ 52. Kf1
Kf3 53. Rc5 Rxh2 54. Rc3+ Ke4 55. e6 Rh7 56. b5 Kd5 57. Re3 Re7 1/2-1/2

[Event "XXXIII Memorial Edoardo Crespi A"]
[Site "Milano ITA"]
[Date "2012.12.08"]
[Round "4"]
[White "Virzi, Ettore"]
[Black "Villalba, Fernando"]
[WhiteElo "1974"]
[BlackElo "1852"]
[Result "1-0"]
[PlyCount "165"]
[EventDate "2012.12.05"]

1. e4 c5 2. Nf3 Nc6 3. d4 cxd4 4. Nxd4 g6 5. c4 Bg7 6. Be3 Nf6 7. Nc3 O-O 8.
Be2 d6 9. O-O Bd7 10. Qd2 Ng4 11. Bxg4 Bxg4 12. f3 Bd7 13. Rac1 Na5 14. b3 Nc6
15. Rfd1 Nxd4 16. Bxd4 Bc6 17. Bxg7 Kxg7 18. Qd4+ Kg8 19. Nd5 a6 20. c5 Bxd5
21. Qxd5 dxc5 22. Qxb7 Qa5 23. Qxe7 Qxa2 24. Qxc5 Qxb3 25. Rb1 Qa4 26. Ra1 Qb3
27. Rdb1 Qd3 28. Rd1 Qb3 29. Rab1 Qa2 30. Qf2 Qa4 31. Qd4 Qa5 32. Ra1 Qc7 33.
Rac1 Qf4 34. Qd2 Qf6 35. Qd6 Qb2 36. Rb1 Qc3 37. Qd4 Qa3 38. Ra1 Qe7 39. Qd7
Qh4 40. Qa4 Qf4 41. Qd4 Rfc8 42. Qd2 Qb8 43. h3 Qb6+ 44. Qf2 Qxf2+ 45. Kxf2
Rc2+ 46. Kg3 g5 47. Rd5 h6 48. Rda5 Rc6 49. h4 f6 50. hxg5 hxg5 51. Kg4 Kg7 52.
Kf5 Rb6 53. R1a2 Kh6 54. R2a3 Kg7 55. g3 Ra7 56. f4 gxf4 57. gxf4 Kf7 58. e5
fxe5 59. fxe5 Ra8 60. Ra1 Ke7 61. R1a4 Rf8+ 62. Ke4 Re8 63. Kf5 Rf8+ 64. Ke4
Ra8 65. Kd5 Rh6 66. Rg4 Rd8+ 67. Kc4 Ra8 68. Kd5 Rd8+ 69. Ke4 Rb6 70. Rg7+ Kf8
71. Ra7 Rb4+ 72. Kf5 Rb1 73. R5xa6 Rf1+ 74. Kg4 Rd4+ 75. Kg5 Rd8 76. Rf6+ Rxf6
77. Kxf6 Rb8 78. e6 Rc8 79. Rh7 Kg8 80. Rg7+ Kh8 81. Rg1 Rf8+ 82. Ke7 Ra8 83.
Kf7 1-0

[Event "XXXIII Memorial Edoardo Crespi A"]
[Site "Milano ITA"]
[Date "2012.12.08"]
[Round "4"]
[White "Zuliani, Francesco"]
[Black "Colombo, Luca"]
[WhiteElo "1783"]
[BlackElo "1884"]
[Result "0-1"]
[PlyCount "106"]
[EventDate "2012.12.05"]

1. e4 c5 2. c3 Nf6 3. e5 Nd5 4. d4 cxd4 5. cxd4 Nc6 6. Nf3 e6 7. Bc4 Nb6 8. Bb3
Na5 9. Bc2 Bb4+ 10. Bd2 Bxd2+ 11. Qxd2 Nd5 12. Bd3 Nc6 13. O-O d6 14. Bc4 dxe5
15. dxe5 Nce7 16. Nc3 Nxc3 17. Qxd8+ Kxd8 18. bxc3 Nc6 19. Rfe1 Ke7 20. Rad1
Rd8 21. Rxd8 Nxd8 22. Ng5 h6 23. Ne4 Nc6 24. Nd6 Nxe5 25. Nxc8+ Rxc8 26. Bd5
Rxc3 27. Bxb7 Nd3 28. Ra1 Rc1+ 29. Rxc1 Nxc1 30. a3 Kd6 31. Kf1 Kc5 32. Ke1
Nd3+ 33. Kd2 Nxf2 34. Bf3 Kd4 35. Kc2 Ne4 36. Bh5 g6 37. Be2 f5 38. Kb3 Kc5 39.
a4 Nd6 40. Kc3 e5 41. Bd1 e4 42. Bb3 g5 43. h3 f4 44. Bd1 Nf5 45. Bc2 Kd5 46.
Bb3+ Ke5 47. Kb4 e3 48. Bd1 Nd4 49. Ka5 e2 50. Bxe2 Nxe2 51. Ka6 Nc3 52. a5 Kd6
53. Kxa7 Kc7 0-1

[Event "XXXIII Memorial Edoardo Crespi A"]
[Site "Milano ITA"]
[Date "2012.12.08"]
[Round "5"]
[White "Aliberti, Emilio"]
[Black "Pecorario, Stefano"]
[WhiteElo "1899"]
[BlackElo "1774"]
[Result "1-0"]
[PlyCount "51"]
[EventDate "2012.12.05"]

1. d4 Nf6 2. c4 e6 3. g3 c5 4. d5 exd5 5. cxd5 d6 6. Bg2 g6 7. Nc3 Bg7 8. Nf3
O-O 9. O-O Na6 10. Nd2 Nc7 11. a4 Bd7 12. Nc4 Qe7 13. Qb3 Rab8 14. Nxd6 Qxd6
15. Bf4 Qe7 16. Bxc7 Bxa4 17. d6 Qxc7 18. dxc7 Bxb3 19. cxb8=Q Rxb8 20. Rxa7 b6
21. Rfa1 Bc4 22. Ra8 Rxa8 23. Rxa8+ Bf8 24. Bc6 Ng4 25. Rb8 Ne5 26. Rxb6 1-0

[Event "XXXIII Memorial Edoardo Crespi A"]
[Site "Milano ITA"]
[Date "2012.12.08"]
[Round "5"]
[White "Baltzopoulos, Giorgos"]
[Black "Brioschi, Camillo"]
[WhiteElo "1956"]
[BlackElo "1812"]
[Result "1-0"]
[PlyCount "77"]
[EventDate "2012.12.05"]

1. d4 Nf6 2. c4 e6 3. Nf3 b6 4. g3 Bb7 5. Bg2 Be7 6. Nc3 O-O 7. O-O d6 8. Qc2
Nbd7 9. Rd1 Qc8 10. e4 e5 11. b3 Re8 12. Bb2 Bf8 13. Rd2 exd4 14. Nxd4 Nc5 15.
Re1 a6 16. Rde2 Qg4 17. Nf5 Qg6 18. h3 Rad8 19. b4 Ncd7 20. Nh4 Qg5 21. Bc1 Qe5
22. f4 Qd4+ 23. Kh2 Qxc4 24. a3 a5 25. bxa5 bxa5 26. Nf5 Nc5 27. Ne3 Qb3 28.
Qxb3 Nxb3 29. Bb2 Nxe4 30. Ned5 f5 31. Nxc7 Re7 32. N3d5 Bxd5 33. Nxd5 Rb7 34.
g4 g6 35. gxf5 gxf5 36. Nf6+ Kf7 37. Nxe4 fxe4 38. Bxe4 Bh6 39. Bxb7 1-0

[Event "XXXIII Memorial Edoardo Crespi A"]
[Site "Milano ITA"]
[Date "2012.12.08"]
[Round "5"]
[White "Beltrami, Francesco"]
[Black "Zuliani, Francesco"]
[WhiteElo "1856"]
[BlackElo "1783"]
[Result "1/2-1/2"]
[PlyCount "92"]
[EventDate "2012.12.05"]

1. Nf3 Nc6 2. d4 d5 3. c4 e5 4. dxe5 d4 5. a3 Nge7 6. e3 Nf5 7. exd4 Nfxd4 8.
Nxd4 Qxd4 9. Nc3 Qxe5+ 10. Be2 Bd6 11. f4 Qf6 12. O-O Bc5+ 13. Kh1 O-O 14. Ne4
Qe7 15. Nxc5 Qxc5 16. b4 Qe7 17. Bb2 Bf5 18. Qe1 Qe4 19. Qg3 f6 20. Bf3 Qxc4
21. Rfc1 Qb3 22. Bxc6 Qxb2 23. Bxb7 Rad8 24. Qc3 Qf2 25. Rf1 Qb6 26. Bf3 Rd3
27. Qc4+ Kh8 28. Rfc1 Rc8 29. Qc5 g6 30. a4 Rd4 31. b5 Be4 32. Bxe4 Rxe4 33. g3
Qa5 34. Qc6 f5 35. Qb7 Rce8 36. Qxc7 Re1+ 37. Kg2 Qxc7 38. Rxc7 Rxa1 39. Rxa7
Rb8 40. Ra6 Ra2+ 41. Kf3 Ra3+ 42. Kg2 Rb3 43. Kh3 Kg7 44. Kh4 Rd8 45. g4 Rd4
46. Ra7+ Kg8 1/2-1/2

[Event "XXXIII Memorial Edoardo Crespi A"]
[Site "Milano ITA"]
[Date "2012.12.08"]
[Round "5"]
[White "Brociner, Beniamino"]
[Black "Gemelli, Giovanni"]
[WhiteElo "1965"]
[BlackElo "1845"]
[Result "1-0"]
[PlyCount "35"]
[EventDate "2012.12.05"]

1. Nf3 Nf6 2. g3 g6 3. c4 Bg7 4. Bg2 d6 5. d4 O-O 6. O-O c5 7. dxc5 dxc5 8. Ne5
Nh5 9. Nd3 Na6 10. Nc3 Rb8 11. Qa4 Bxc3 12. bxc3 Qc7 13. h3 e5 14. Be3 b6 15.
Rad1 Bb7 16. Bxb7 Qxb7 17. Nxe5 Qe4 18. Nd7 1-0

[Event "XXXIII Memorial Edoardo Crespi A"]
[Site "Milano ITA"]
[Date "2012.12.08"]
[Round "5"]
[White "Castrogiovanni, Carlo"]
[Black "Ganci, Stefano"]
[WhiteElo "1996"]
[BlackElo "1933"]
[Result "0-1"]
[PlyCount "64"]
[EventDate "2012.12.05"]

1. d4 b6 2. Nf3 Bb7 3. g3 e6 4. Bg2 c5 5. e3 Nf6 6. O-O Be7 7. c4 O-O 8. Nc3 d6
9. Re1 Nbd7 10. b3 a6 11. Bb2 Ra7 12. Qd3 Qa8 13. Nh4 Bxg2 14. Nxg2 d5 15. cxd5
cxd4 16. exd4 Nxd5 17. Nxd5 Qxd5 18. Ne3 Qh5 19. Rac1 Bb4 20. Re2 Nf6 21. Rec2
Qf3 22. Rc4 Ne4 23. R1c2 Be1 24. Qf1 Bxf2+ 25. Rxf2 Qxe3 26. Rcc2 Nxf2 27. Rxf2
Rc7 28. Kg2 Qe4+ 29. Kh3 Rc2 30. Rxc2 Qxc2 31. Ba3 Rc8 32. Qxa6 Qf5+ 0-1

[Event "XXXIII Memorial Edoardo Crespi A"]
[Site "Milano ITA"]
[Date "2012.12.08"]
[Round "5"]
[White "Ceka, Shpetim"]
[Black "Piantoni, Pierino"]
[WhiteElo "1862"]
[BlackElo "1899"]
[Result "1-0"]
[PlyCount "75"]
[EventDate "2012.12.05"]

1. e4 e6 2. Nc3 d5 3. d4 Bb4 4. e5 c5 5. Nf3 b6 6. Bb5+ Bd7 7. O-O h6 8. a4 a6
9. Bxd7+ Qxd7 10. Ne2 c4 11. c3 Bf8 12. b3 Qc7 13. Nd2 cxb3 14. Qxb3 Nc6 15. f4
Na5 16. Qb1 Ne7 17. g4 g6 18. Qd3 h5 19. f5 gxf5 20. gxf5 Nxf5 21. Rxf5 exf5
22. Nf4 Qd7 23. Qf3 Rd8 24. Nxh5 Be7 25. Ng7+ Kf8 26. Nxf5 Qe6 27. Nxe7 Kxe7
28. Nf1 Nc4 29. Bg5+ Kd7 30. Bxd8 Kxd8 31. Ng3 Rg8 32. Rf1 Ke8 33. Rf2 a5 34.
Kh1 Rh8 35. Nf5 Rh7 36. Qg2 Kf8 37. Qg5 Qd7 38. h4 1-0

[Event "XXXIII Memorial Edoardo Crespi A"]
[Site "Milano ITA"]
[Date "2012.12.08"]
[Round "5"]
[White "Cerioni, Armando"]
[Black "Nepi, Ezio"]
[WhiteElo "1979"]
[BlackElo "1945"]
[Result "1/2-1/2"]
[PlyCount "38"]
[EventDate "2012.12.05"]

1. d4 d5 2. Nf3 Nf6 3. e3 g6 4. c4 c6 5. Bd3 Bg7 6. Nc3 O-O 7. O-O Nbd7 8. cxd5
cxd5 9. b3 b6 10. Bb2 Bb7 11. Qe2 Ne4 12. Rac1 Nxc3 13. Rxc3 Rc8 14. Rfc1 Rxc3
15. Rxc3 Qb8 16. Ba3 Bf6 17. Bb5 Rc8 18. Qc2 Rxc3 19. Qxc3 Qc8 1/2-1/2

[Event "XXXIII Memorial Edoardo Crespi A"]
[Site "Milano ITA"]
[Date "2012.12.08"]
[Round "5"]
[White "Cervini, Gian Piero"]
[Black "Monticone, Sonia"]
[WhiteElo "1800"]
[BlackElo "1854"]
[Result "0-1"]
[PlyCount "84"]
[EventDate "2012.12.05"]

1. e4 c5 2. c3 Nf6 3. e5 Nd5 4. Nf3 e6 5. d4 cxd4 6. cxd4 Nc6 7. Nc3 d6 8. Nxd5
exd5 9. Be2 dxe5 10. dxe5 Be7 11. O-O O-O 12. Bf4 Be6 13. Nd4 Bc5 14. Be3 Nxd4
15. Bxd4 Be7 16. Rc1 b6 17. f4 Bf5 18. Bd3 Qd7 19. Bxf5 Qxf5 20. Qf3 Rfd8 21.
Rc7 Bf8 22. g4 Qe6 23. f5 Qe8 24. Rfc1 Rd7 25. Qc3 Rxc7 26. Qxc7 Qa4 27. Bf2
Qxg4+ 28. Bg3 Bc5+ 29. Kg2 Qe4+ 30. Kh3 Qxf5+ 31. Kg2 Qe4+ 32. Kh3 g5 33. Rf1
g4+ 34. Kh4 Qg6 35. Bf4 Re8 36. Bg5 h6 37. Bc1 Be7+ 38. Kg3 Qd3+ 39. Kf2 Qf3+
40. Kg1 Bc5+ 41. Qxc5 Qxf1+ 42. Kxf1 bxc5 0-1

[Event "XXXIII Memorial Edoardo Crespi A"]
[Site "Milano ITA"]
[Date "2012.12.08"]
[Round "5"]
[White "Colombo, Luca"]
[Black "Di Chiara, Mauro"]
[WhiteElo "1884"]
[BlackElo "1962"]
[Result "1-0"]
[PlyCount "57"]
[EventDate "2012.12.05"]

1. e4 g6 2. d4 Bg7 3. Nc3 d6 4. Nf3 Nf6 5. e5 dxe5 6. dxe5 Qxd1+ 7. Kxd1 Ng4 8.
Nd5 Nxf2+ 9. Ke2 c6 10. Nc7+ Kd8 11. Nxa8 Nxh1 12. Be3 b6 13. Rd1+ Nd7 14. Ng5
Bb7 15. Nxf7+ Kc8 16. Nxh8 Bxh8 17. Nxb6+ axb6 18. e6 Nf6 19. Bd4 c5 20. Bc3
Bg7 21. Ke1 g5 22. Bb5 Bf8 23. Bxf6 exf6 24. Kf1 h5 25. Kg1 h4 26. Kxh1 h3 27.
Kg1 hxg2 28. Rd7 c4 29. e7 1-0

[Event "XXXIII Memorial Edoardo Crespi A"]
[Site "Milano ITA"]
[Date "2012.12.08"]
[Round "5"]
[White "Corso, Gabriele"]
[Black "Marincolo, Piercarlo"]
[WhiteElo "1804"]
[BlackElo "1950"]
[Result "1/2-1/2"]
[PlyCount "145"]
[EventDate "2012.12.05"]

1. e4 e5 2. Nf3 Nc6 3. Bb5 a6 4. Ba4 Nf6 5. O-O b5 6. Bb3 Bc5 7. Re1 O-O 8. c3
d6 9. h3 Rb8 10. d4 Bb6 11. a4 Bd7 12. axb5 axb5 13. Be3 h6 14. Nbd2 Re8 15.
dxe5 Nxe5 16. Nxe5 dxe5 17. Bxb6 Rxb6 18. Nf3 Rd6 19. Qc2 Nh5 20. Rad1 Qf6 21.
Rxd6 cxd6 22. Qd2 Bxh3 23. gxh3 Qxf3 24. Re3 Qf6 25. Qe2 Nf4 26. Qxb5 Ra8 27.
Qf1 Rb8 28. Qd1 Qg6+ 29. Rg3 Qxe4 30. Kh2 Qe2 31. Qxe2 Nxe2 32. Re3 Nc1 33. Bd5
Kf8 34. b4 f5 35. f3 f4 36. Re1 Nd3 37. Rd1 Nb2 38. Rd2 Na4 39. Rd3 Ke7 40. Kg2
Rc8 41. b5 Nxc3 42. Bc6 Nb1 43. Rb3 Nd2 44. Ra3 Nc4 45. Ra7+ Kf6 46. Kf2 Rb8
47. Ke2 Nb6 48. Ra6 d5 49. Bxd5 Ke7 50. Bc6 Kd6 51. Ra7 Rg8 52. Kd3 g6 53. Rb7
Kc5 54. Re7 Rd8+ 55. Ke2 Nc4 56. Rd7 Rxd7 57. Bxd7 Nd6 58. Kd3 g5 59. Kc3 Nxb5+
60. Kd3 Nd6 61. Be6 h5 62. Kc3 e4 63. fxe4 Nxe4+ 64. Kd3 Nf2+ 65. Ke2 Nxh3 66.
Bxh3 g4 67. Bf1 Kd4 68. Kf2 Ke4 69. Bb5 f3 70. Kg3 Ke3 71. Ba6 f2 72. Bb5 h4+
73. Kxg4 1/2-1/2

[Event "XXXIII Memorial Edoardo Crespi A"]
[Site "Milano ITA"]
[Date "2012.12.08"]
[Round "5"]
[White "D'Orta, Antonio"]
[Black "Penna, Tommaso"]
[WhiteElo "1934"]
[BlackElo "1893"]
[Result "0-1"]
[PlyCount "192"]
[EventDate "2012.12.05"]

1. d4 Nf6 2. Nf3 e6 3. Bg5 h6 4. Bh4 d6 5. e3 g5 6. Bg3 Nh5 7. Bd3 Nd7 8. c4
Bg7 9. Nc3 f5 10. d5 Nc5 11. Nd4 Nxg3 12. hxg3 Qf6 13. Qh5+ Kd8 14. Bc2 e5 15.
Nb3 Nxb3 16. axb3 Bd7 17. O-O-O Be8 18. Qe2 h5 19. f3 Bd7 20. Rdf1 Qe7 21. e4
f4 22. Qf2 Kc8 23. b4 a5 24. b5 b6 25. Rh2 Kb7 26. Rfh1 Qf7 27. Kd2 Bf6 28. Kd3
Raf8 29. Ne2 Be8 30. b3 Qg7 31. Qe1 Bg6 32. Rh3 h4 33. g4 Ra8 34. Nc3 Ra7 35.
Qb1 Rha8 36. Qb2 Be8 37. Ra1 Kc8 38. Rhh1 Kd8 39. Ra4 Qh7 40. Nd1 Ke7 41. Nf2
Kf8 42. Nh3 Qe7 43. Rha1 Qd8 44. R1a2 Be7 45. Qa1 Qb8 46. b4 Bd7 47. Nf2 Kg7
48. Ke2 Kg6 49. bxa5 Qb7 50. axb6 Rxa4 51. Rxa4 Rxa4 52. Qxa4 cxb6 53. Nd3 Kf6
54. Nb4 Bd8 55. Qa6 Bc8 56. Qxb7 Bxb7 57. Ba4 Ke7 58. Kd3 Kd7 59. Kc3 Bc7 60.
Na6 Kc8 61. Nb4 Kd7 62. Nc6 Bc8 63. Bd1 Bb7 64. Kb4 Bc8 65. Ka4 Bb7 66. Nb4 Bc8
67. Be2 Bb7 68. Bf1 Bc8 69. Kb3 Bb7 70. Kc2 Bc8 71. Kd2 Bb7 72. Ke2 Bc8 73. Kf2
Bb7 74. Bd3 Bc8 75. Bc2 Bb7 76. Ba4 Bc8 77. Kg1 Bb7 78. Nd3 Bc8 79. Kf2 Bb7 80.
Ke2 Bc8 81. Kd2 Bb7 82. Kc3 Bc8 83. c5 dxc5 84. Nxc5+ bxc5 85. b6+ Kd6 86. bxc7
Kxc7 87. Kc4 Kd6 88. Kb5 Bxg4 89. Bd1 h3 90. gxh3 Bxh3 91. Be2 Bg2 92. Kc4 g4
93. fxg4 Bxe4 94. g5 Bxd5+ 95. Kc3 e4 96. g6 Ke5 0-1

[Event "XXXIII Memorial Edoardo Crespi A"]
[Site "Milano ITA"]
[Date "2012.12.08"]
[Round "5"]
[White "Miracola, Giorgia"]
[Black "Bisignano, Giuseppe"]
[WhiteElo "1839"]
[BlackElo "1895"]
[Result "1-0"]
[PlyCount "55"]
[EventDate "2012.12.05"]

1. Nf3 Nf6 2. c4 e6 3. Nc3 c5 4. g3 Nc6 5. Bg2 d5 6. cxd5 exd5 7. d4 Be6 8. O-O
c4 9. Ng5 Bf5 10. e4 dxe4 11. d5 Ne5 12. Ncxe4 Bxe4 13. Nxe4 Be7 14. Qd4 Nxe4
15. Qxe5 Nc5 16. Qxg7 Rf8 17. Qxh7 Nd3 18. Bh6 Bf6 19. Bxf8 Kxf8 20. Rab1 Qa5
21. b3 b5 22. d6 Rd8 23. Bd5 Bg7 24. bxc4 bxc4 25. Bxc4 Ne5 26. Rb5 Qa4 27.
Rxe5 Qxc4 28. Rg5 1-0

[Event "XXXIII Memorial Edoardo Crespi A"]
[Site "Milano ITA"]
[Date "2012.12.08"]
[Round "5"]
[White "Mondal, Prince"]
[Black "Iacchetti, Giovanni"]
[WhiteElo "1930"]
[BlackElo "1775"]
[Result "1-0"]
[PlyCount "63"]
[EventDate "2012.12.05"]

1. e4 d6 2. d4 Nf6 3. Nc3 g6 4. Be3 a6 5. f3 Nbd7 6. Qd2 c5 7. Nge2 b5 8. h4
cxd4 9. Nxd4 Ne5 10. Be2 Nh5 11. Bf2 Bg7 12. g4 Nf6 13. h5 Nc4 14. Bxc4 bxc4
15. h6 Bf8 16. g5 Nd7 17. Nd5 Bb7 18. Qc3 e5 19. Ne2 Bxd5 20. exd5 Qxg5 21. Be3
Qd8 22. Qxc4 Be7 23. O-O-O O-O 24. f4 Qb8 25. Qc6 Nc5 26. Bxc5 Rc8 27. Qd7 Rxc5
28. Qxe7 Ra7 29. Qf6 Qf8 30. fxe5 dxe5 31. d6 Rd7 32. Nc3 1-0

[Event "XXXIII Memorial Edoardo Crespi A"]
[Site "Milano ITA"]
[Date "2012.12.08"]
[Round "5"]
[White "Nardone, Massimo"]
[Black "Deghi, Donatello"]
[WhiteElo "1925"]
[BlackElo "1800"]
[Result "1/2-1/2"]
[PlyCount "57"]
[EventDate "2012.12.05"]

1. d4 f5 2. Nf3 Nf6 3. e3 e6 4. Bd3 Be7 5. O-O O-O 6. Nbd2 d5 7. c4 c6 8. c5
Ne4 9. Ne5 Nd7 10. f4 Kh8 11. Ndf3 Qe8 12. Nxd7 Bxd7 13. Ne5 Bf6 14. b4 a6 15.
a4 Rg8 16. Nxd7 Qxd7 17. Bxe4 dxe4 18. Kh1 g5 19. g3 gxf4 20. gxf4 Rg4 21. Rg1
Rxg1+ 22. Qxg1 Qd5 23. Bd2 Qc4 24. Qf2 Rg8 25. Rg1 Rxg1+ 26. Kxg1 Qc2 27. a5
Qd1+ 28. Be1 Qg4+ 29. Qg3 1/2-1/2

[Event "XXXIII Memorial Edoardo Crespi A"]
[Site "Milano ITA"]
[Date "2012.12.08"]
[Round "5"]
[White "Pasquotto, Mirko"]
[Black "Virzi, Ettore"]
[WhiteElo "1870"]
[BlackElo "1974"]
[Result "1/2-1/2"]
[PlyCount "76"]
[EventDate "2012.12.05"]

1. d4 Nf6 2. c4 g6 3. Nc3 d5 4. cxd5 Nxd5 5. e4 Nxc3 6. bxc3 Bg7 7. Bc4 c5 8.
Ne2 Nc6 9. Be3 O-O 10. O-O Na5 11. Bd3 b6 12. Qd2 e5 13. d5 f5 14. f3 c4 15.
Bc2 f4 16. Bf2 Nb7 17. a4 g5 18. Kh1 h5 19. Ng1 Rf6 20. g3 Rg6 21. gxf4 gxf4
22. Ne2 Bh3 23. Rg1 Qf6 24. Rxg6 Qxg6 25. Rg1 Qh6 26. Nd4 Kh8 27. Nc6 Re8 28.
Bh4 Bf6 29. Qf2 Rg8 30. Rxg8+ Kxg8 31. Bxf6 Qxf6 32. Qg1+ Kf7 33. Qf2 Bd7 34.
Nxa7 Na5 35. Nb5 Bxb5 36. axb5 Ke7 37. Qg1 Kf7 38. Qf2 Ke7 1/2-1/2

[Event "XXXIII Memorial Edoardo Crespi A"]
[Site "Milano ITA"]
[Date "2012.12.08"]
[Round "5"]
[White "Pepe, Mario"]
[Black "Mouflih, Caesar Faycal"]
[WhiteElo "1993"]
[BlackElo "1982"]
[Result "0-1"]
[PlyCount "90"]
[EventDate "2012.12.05"]

1. e4 c6 2. d4 d5 3. Nc3 dxe4 4. Nxe4 Bf5 5. Ng3 Bg6 6. Nf3 Nd7 7. h4 h6 8. h5
Bh7 9. Bd3 Bxd3 10. Qxd3 Qc7 11. Bd2 e6 12. O-O-O Ngf6 13. Kb1 O-O-O 14. c4 Bd6
15. Ne4 Nxe4 16. Qxe4 Nf6 17. Qe1 Qe7 18. Bc3 Ng4 19. Qe2 f5 20. Nh4 Rhe8 21.
f3 Nf6 22. Ng6 Qf7 23. g4 Nh7 24. Rd3 Ng5 25. Be1 e5 26. Nxe5 Qxc4 27. Nxc4
Rxe2 28. Nxd6+ Rxd6 29. Bg3 Rd5 30. Rhd1 fxg4 31. fxg4 Ne4 32. Bh4 Kd7 33. Re1
Rxe1+ 34. Bxe1 Nf6 35. Rf3 Ke6 36. Re3+ Kf7 37. Bb4 Rd7 38. Rf3 Rxd4 39. Bc5
Rxg4 40. Bxa7 Rg5 41. b4 Rxh5 42. Bc5 Rd5 43. Kc2 g5 44. Re3 Rd7 45. Kc3 Nd5+
0-1